00472nam a2200193 a 4500001001300000003000900013005001700022008004100039020001000080082001300090100002000103245002000123260003400143300000800177500003500185505001700220650002100237700002000258nice12345678IN_TiNIC20260116012932.0050524s1988 dela grp 000 0 urd  ac10000a245bANW aAnwar, G S Sing aIhsasat-E-Anwar aDelhibMethodist Churchc1988 a47p aincludes index and biblioraphy2 aBibliography aChristian-Poetry1 aAnwar, G S Sing